Kebersihan asas kehidupan sihat

Bibliographic Details
Main Author: Wan Wahidah
Format: Book
Published: P.Jaya : Pustaka Siswa Moden , 1995
Series:Siri cerita tentang kesihatan
Subjects:

MARC

LEADER 00000cam a2200000 7i4500
001 0000006182
002 000006673
005 20000330.0
020 |a 9839810545 
090 0 0 |a JF   |b WAN 
100 0 |a Wan Wahidah 
245 1 0 |a Kebersihan asas kehidupan sihat   |c Wan Wahidah 
260 |a P.Jaya :   |b Pustaka Siswa Moden ,   |c 1995 
300 |a 14p. :   |b ill. ;   |c 21cm. 
490 0 |a Siri cerita tentang kesihatan 
650 0 0 |a Children's stories, Malay 
999 |a 0388539   |b BUKU   |c JUNIOR FICTION   |e PERPUSTAKAAN KOMUNITI PETALING JAYA